000 00495nam a22001937a 4500
003 Ost
005 20250207095221.0
008 250207b |||||||| |||| 00| 0 eng d
020 _a9783319788951
040 _cBT-PhCST
050 _aA25130
082 _222
_a333.91
_bBRE
100 _aBrears, Robert C
245 _aClimate resilient water resources Management /
260 _aNA
_bPalgrave Pivot ,
_cc2018.
300 _axiii, 119p.
_c22 cm.
504 _aincludes index
942 _2ddc
_cWRE
999 _c9875
_d9875